000 00420nam a22001697a 4500
003 MPLRDC
005 20220104150652.0
008 210129b ||||| |||| 00| 0 eng d
082 _a857.27 PSL-9 c.2
100 _a蒲松龄原著
245 _a乡野传奇
_c
250 _a革新版
260 _a
_b尚志文化出版社
_c1988
300 _b
650 _a小说--笔记; 异闻
942 _cBK
_o857.27 PSL-9 c.2
999 _c51984
_d51974